<?xml version="1.0" encoding="UTF-8"?>
<marc:record xmlns:marc="http://www.loc.gov/MARC21/slim">
   <marc:leader>00000nam a2200000 a 4500</marc:leader>
   <marc:datafield ind1="1" ind2=" " tag="100">
      <marc:subfield code="a">Perry, Anne</marc:subfield>
      <marc:subfield code="4">aut</marc:subfield>
      <marc:subfield code="e">Verfasser/-in</marc:subfield>
   </marc:datafield>
   <marc:datafield ind1="0" ind2="0" tag="245">
      <marc:subfield code="a">Galgenfrist für einen Mörder</marc:subfield>
   </marc:datafield>
   <marc:datafield ind1="0" ind2="0" tag="245">
      <marc:subfield code="b">Roman</marc:subfield>
   </marc:datafield>
   <marc:datafield ind1=" " ind2="1" tag="264">
      <marc:subfield code="b">Goldmann</marc:subfield>
      <marc:subfield code="c">2009</marc:subfield>
   </marc:datafield>
   <marc:datafield ind1="1" ind2=" " tag="520">
      <marc:subfield code="a">Als es William Monk, Inspector bei der Londoner Wasserpolizei, endlich gelingt, den Kinderschänder und Mörder Jericho Phillips zu fassen, glaubt er an die sichere Verurteilung des perversen Verbrechers. Doch dann erhält Monks Freund, der Anwalt Sir Oliver Rathbone, Besuch von seinem Schwiegervater, der ihn bittet, die Verteidigung von Phillips zu übernehmen...</marc:subfield>
   </marc:datafield>
   <marc:datafield ind1=" " ind2=" " tag="020">
      <marc:subfield code="a">9783442463404</marc:subfield>
      <marc:subfield code="9">9783442463404</marc:subfield>
   </marc:datafield>
</marc:record>
